[Event "13. Lichtenberger Sommer"]
[Site "?"]
[Date "2014.08.23"]
[Round "8.87"]
[White "Theilig, Reinhard"]
[Black "König, Dennis"]
[Result "1/2-1/2"]
[WhiteElo "1675"]
[BlackElo "1620"]
[PlyCount "43"]
[EventDate "2014.??.??"]
[WhiteTeam "VfB Hermsdorf e.V."]
[BlackTeam "SV Königsjäger Süd-West e.V."]

1. Nf3 Nf6 2. c4 c6 3. g3 d5 4. Bg2 Bf5 5. cxd5 cxd5 6. O-O e6 7. d3 Nbd7 8.
Bf4 Qb6 9. b3 Bd6 10. Bxd6 Qxd6 11. Nc3 O-O 12. Rc1 h6 13. Re1 Rac8 14. e4 dxe4
15. dxe4 Qxd1 16. Rexd1 Bg4 17. h3 Bxf3 18. Bxf3 Ne5 19. Bg2 Rfd8 20. Rxd8+
Rxd8 21. f4 Nc6 22. e5 1/2-1/2

[Event "13. Lichtenberger Sommer"]
[Site "?"]
[Date "2014.08.23"]
[Round "8.88"]
[White "Rau, Joshua"]
[Black "Weiß, Daniel"]
[Result "0-1"]
[WhiteElo "1624"]
[BlackElo "1741"]
[PlyCount "67"]
[EventDate "2014.??.??"]
[WhiteTeam "Schachunion Berlin e.V."]
[BlackTeam "Sfr.Nord-Ost Berlin"]

1. d4 Nf6 2. c4 g6 3. Nc3 Bg7 4. Nf3 O-O 5. Bf4 d6 6. e4 c5 7. d5 Qa5 8. Bd3
Nfd7 9. Bd2 Qd8 10. O-O Ne5 11. Nxe5 Bxe5 12. Qe2 f5 13. f4 Bd4+ 14. Be3 e5 15.
dxe6 Bxe6 16. exf5 Bxf5 17. Bxf5 Rxf5 18. Bxd4 cxd4 19. Qe6+ Kg7 20. Nb5 Rf6
21. Qd5 Nc6 22. Nxd4 Qb6 23. Rad1 Raf8 24. Kh1 Nb4 25. Qe4 Kh8 26. a3 Na6 27.
Nb5 Nc5 28. Qd4 Kg8 29. Qd5+ Kg7 30. Nxd6 Rd8 31. Nf5+ Rxf5 32. Qxd8 Qxb2 33.
Qe7+ Kh6 34. g4 0-1

[Event "13. Lichtenberger Sommer"]
[Site "?"]
[Date "2014.08.23"]
[Round "8.89"]
[White "Leyrer, Edgar"]
[Black "Woinowski, Michael"]
[Result "0-1"]
[WhiteElo "1610"]
[BlackElo "1731"]
[PlyCount "90"]
[EventDate "2014.??.??"]
[WhiteTeam "SV Königsjäger Süd-West e.V."]
[BlackTeam "SC Kreuzberg e.V."]

1. d4 d5 2. c4 e6 3. Nc3 c5 4. cxd5 exd5 5. Nf3 Nc6 6. e3 c4 7. g3 Nf6 8. Bg2
Bb4 9. O-O O-O 10. Qc2 Bxc3 11. Qxc3 Ne4 12. Qe1 Re8 13. Nd2 Bf5 14. Nxe4 Bxe4
15. Bxe4 Rxe4 16. Bd2 Nxd4 17. Qd1 Nc6 18. Qc2 Qe7 19. Rfd1 Ne5 20. Bc3 Nd3 21.
Rd2 b5 22. a3 h5 23. h4 Qe6 24. Kg2 Re8 25. Bd4 Qe7 26. Qc3 Rg4 27. Kh2 Qc7 28.
f4 a5 29. Rxd3 b4 30. axb4 axb4 31. Qc1 Qe7 32. Rd1 Qe4 33. Qd2 Re6 34. Qg2 Qf5
35. Ra5 Reg6 36. Rxd5 Rxh4+ 37. Kg1 Qg4 38. Rf1 Rh3 39. Rf3 f5 40. Kf2 h4 41.
Rc5 hxg3+ 42. Ke1 Rh2 43. Qf1 g2 44. Rc8+ Kh7 45. Qg1 Rh1 0-1

[Event "13. Lichtenberger Sommer"]
[Site "?"]
[Date "2014.08.23"]
[Round "8.90"]
[White "Casny, Guenter"]
[Black "Wicklein, Christian"]
[Result "1-0"]
[WhiteElo "1854"]
[BlackElo "1413"]
[PlyCount "51"]
[EventDate "2014.??.??"]
[WhiteTeam "SC Rochade e.V."]
[BlackTeam "vereinslos"]

1. e4 c6 2. f4 d5 3. e5 Bf5 4. d3 e6 5. Nf3 h6 6. Qe2 d4 7. a3 a5 8. h3 a4 9.
g4 Bh7 10. Nbd2 Be7 11. Qf2 Nd7 12. Ke2 c5 13. Bg2 Qc7 14. Re1 Nb6 15. Kf1 c4
16. Ne4 cxd3 17. cxd3 Rd8 18. Nxd4 Bh4 19. Qxh4 Rxd4 20. Be3 Rxd3 21. Nd6+ Kf8
22. Rac1 Qd7 23. Bxb6 Rxd6 24. exd6 g5 25. Qf2 Qb5+ 26. Kg1 1-0

[Event "13. Lichtenberger Sommer"]
[Site "?"]
[Date "2014.08.23"]
[Round "8.91"]
[White "Möller, Dirk"]
[Black "Kasper, Peter"]
[Result "0-1"]
[WhiteElo "1624"]
[BlackElo "1764"]
[PlyCount "102"]
[EventDate "2014.??.??"]
[WhiteTeam "SC Kreuzberg e.V."]
[BlackTeam "SG Eckturm"]

1. e4 c6 2. f4 d5 3. e5 Bf5 4. c3 h6 5. Nf3 e6 6. d4 Qa5 7. Nbd2 c5 8. Nb3 Qc7
9. Bb5+ Kd8 10. Be3 c4 11. Nc1 Ne7 12. b3 a6 13. Ba4 b5 14. bxc4 bxa4 15. c5
Nbc6 16. Nd3 Qa5 17. Qd2 Qb5 18. Nb4 Na5 19. Qf2 Nc4 20. Bc1 a5 21. Nc2 Nc6 22.
g4 Be4 23. O-O Be7 24. h4 Rb8 25. g5 Kd7 26. Ne3 Nxe3 27. Bxe3 Qb2 28. Qe1 Rb7
29. Qg3 Qxc3 30. Nd2 Nxd4 31. Qf2 Nf5 32. c6+ Qxc6 33. Rac1 Qa6 34. Nxe4 Nxe3
35. Qxe3 Qb6 36. Nc5+ Bxc5 37. Rxc5 hxg5 38. hxg5 Qb2 39. Rf2 Qb1+ 40. Rc1 Qf5
41. Qc5 Rhb8 42. Qc6+ Kd8 43. Qd6+ Ke8 44. Qc6+ Kf8 45. Qxa4 Rb1 46. Qa3+ Kg8
47. Rff1 Qg4+ 48. Kh1 R8b2 49. Rc8+ Kh7 50. Qd3+ g6 51. Qf3 Qh4+ 0-1

[Event "13. Lichtenberger Sommer"]
[Site "?"]
[Date "2014.08.23"]
[Round "8.92"]
[White "Dietzel, Uwe"]
[Black "Bolle, Dietrich"]
[Result "1/2-1/2"]
[WhiteElo "1705"]
[BlackElo "1655"]
[PlyCount "34"]
[EventDate "2014.??.??"]
[WhiteTeam "TSV Lichtentanne SAbt"]
[BlackTeam "SG Eckturm"]

1. Nf3 Nf6 2. d4 d5 3. e3 e6 4. b3 Bd6 5. Bb2 O-O 6. Bd3 Nbd7 7. Nbd2 Re8 8.
O-O e5 9. dxe5 Nxe5 10. Nxe5 Bxe5 11. Bxe5 Rxe5 12. Nf3 Bg4 13. Be2 Re7 14. h3
Bh5 15. c4 c6 16. cxd5 Nxd5 17. Bc4 Qa5 1/2-1/2

[Event "13. Lichtenberger Sommer"]
[Site "?"]
[Date "2014.08.23"]
[Round "8.93"]
[White "Schweitzer, Paul"]
[Black "Toth, Hans-Jürgen"]
[Result "1-0"]
[WhiteElo "1712"]
[BlackElo "1631"]
[PlyCount "49"]
[EventDate "2014.??.??"]
[WhiteTeam "SV Königsjäger Süd-West e.V."]
[BlackTeam "Schachfreunde Zehdenick 76 e.V."]

1. d4 f5 2. Nf3 Nf6 3. Bg5 e6 4. c3 d5 5. Nbd2 Be7 6. e3 O-O 7. Qb3 c6 8. O-O-O
a5 9. Ne5 Nbd7 10. f3 h6 11. Bf4 Nh5 12. Nxd7 Qxd7 13. Be5 Bf6 14. g4 Bg5 15.
gxh5 Bxe3 16. c4 f4 17. Bh3 dxc4 18. Qxc4 b5 19. Qd3 Qd5 20. Qg6 Rf7 21. Kb1 c5
22. Ne4 Qc4 23. Nd6 Qd5 24. Qxf7+ Kh8 25. Qxg7# 1-0

[Event "13. Lichtenberger Sommer"]
[Site "?"]
[Date "2014.08.23"]
[Round "8.94"]
[White "Hommel, Niclas"]
[Black "Kostanyan, Hakob"]
[Result "0-1"]
[WhiteElo "1575"]
[BlackElo "1517"]
[PlyCount "66"]
[EventDate "2014.??.??"]
[WhiteTeam "Schachunion Berlin e.V."]
[BlackTeam "SC Weisse Dame e.V."]

1. e4 e5 2. Nf3 Nc6 3. Bc4 Nf6 4. Ng5 d5 5. exd5 b5 6. Bxb5 Qxd5 7. Bxc6+ Qxc6
8. O-O Bb7 9. Nf3 e4 10. Nd4 Qd5 11. c3 Bc5 12. Qa4+ Nd7 13. Qb3 Bxd4 14. Qxd5
Bxf2+ 15. Rxf2 Bxd5 16. b3 Nc5 17. c4 Bc6 18. Nc3 Nd3 19. Re2 f5 20. Nd1 O-O
21. Ba3 Rf7 22. Nb2 Nf4 23. Rf2 Ne6 24. d3 e3 25. Rff1 f4 26. Rfe1 Re8 27. Rac1
Ng5 28. Nd1 e2 29. Nf2 Rf6 30. Rc2 Rg6 31. Kh1 f3 32. g3 Nh3 33. Ne4 f2 0-1

[Event "13. Lichtenberger Sommer"]
[Site "?"]
[Date "2014.08.23"]
[Round "8.95"]
[White "Abraham, Helmut"]
[Black "Tschirschwitz, Stephan"]
[Result "1/2-1/2"]
[WhiteElo "1553"]
[BlackElo "1604"]
[PlyCount "44"]
[EventDate "2014.??.??"]
[WhiteTeam "SC Kreuzberg e.V."]
[BlackTeam "SG Lasker Steglitz-Wilmersdorf"]

1. Nf3 d5 2. e3 Nf6 3. c4 e6 4. Nc3 c5 5. d4 Nc6 6. b3 a6 7. Bb2 cxd4 8. exd4
Bb4 9. a3 Bxc3+ 10. Bxc3 Ne4 11. Bb2 O-O 12. Be2 Re8 13. O-O Nf6 14. Rc1 Bd7
15. Ne5 Nxe5 16. dxe5 Ne4 17. cxd5 exd5 18. f3 Ng5 19. Qxd5 Bc6 20. Qxd8 Raxd8
21. Bxa6 Bxf3 22. Bb5 Rd2 1/2-1/2

[Event "13. Lichtenberger Sommer"]
[Site "?"]
[Date "2014.08.23"]
[Round "8.96"]
[White "Bailliere, Arne"]
[Black "Wilke, Hans-Peter"]
[Result "1-0"]
[WhiteElo "1673"]
[BlackElo "1474"]
[PlyCount "89"]
[EventDate "2014.??.??"]
[WhiteTeam "Sfrd. Berlin 1903 e.V."]
[BlackTeam "SVG Läufer Reinickendorf e.V."]

1. d4 Nf6 2. Nf3 g6 3. e3 Bg7 4. Bd3 O-O 5. b3 d6 6. Bb2 c5 7. O-O Nc6 8. Nbd2
b6 9. a3 cxd4 10. Nxd4 Bb7 11. Qe2 Rc8 12. Nxc6 Rxc6 13. e4 Nd7 14. Bxg7 Kxg7
15. c4 Ne5 16. Bb1 Qb8 17. f4 Nd7 18. Ra2 Nc5 19. Qe3 f6 20. b4 Nd7 21. Bd3 Qe8
22. Nb3 e5 23. Raf2 h6 24. f5 g5 25. c5 dxc5 26. Bb5 Rc7 27. bxc5 Ba8 28. Rd2
Qe7 29. cxb6 Nxb6 30. a4 Rd8 31. Rxd8 Qxd8 32. Nc5 Rxc5 33. Qxc5 Bxe4 34. a5
Qd2 35. Qe7+ Kg8 36. Qe8+ Kg7 37. Qg6+ Kh8 38. Qxh6+ Kg8 39. Qg6+ Kh8 40. Qxf6+
Kg8 41. Qe6+ Kh7 42. Rf2 Qc1+ 43. Bf1 Bd5 44. Qe7+ Kh6 45. axb6 1-0

[Event "13. Lichtenberger Sommer"]
[Site "?"]
[Date "2014.08.23"]
[Round "8.97"]
[White "Schönemann, Manfred"]
[Black "Kaufmann, Mathias"]
[Result "0-1"]
[WhiteElo "1781"]
[BlackElo "1559"]
[PlyCount "76"]
[EventDate "2014.??.??"]
[WhiteTeam "SV Turbine Berlin e.V."]

1. d4 d5 2. c4 e6 3. Nf3 Nf6 4. Bg5 Be7 5. e3 Nbd7 6. a3 Ne4 7. Bxe7 Qxe7 8.
Bd3 Ndf6 9. Nc3 Nxc3 10. bxc3 O-O 11. O-O c6 12. Qc2 h6 13. Ne5 Bd7 14. f4 Rfc8
15. Rf3 dxc4 16. Bxc4 Nd5 17. e4 b5 18. Bb3 Nf6 19. f5 c5 20. fxe6 Bxe6 21. d5
Bg4 22. Nxg4 Nxg4 23. c4 Qe5 24. Qd1 Qxh2+ 25. Kf1 Qh1+ 26. Ke2 Qxg2+ 27. Ke1
Qg1+ 28. Kd2 Qd4+ 29. Rd3 Qb2+ 30. Bc2 Nf2 31. Qg1 Nxe4+ 32. Ke3 Qxc2 33. Rc1
Qa2 34. Kxe4 Re8+ 35. Kf4 g5+ 36. Kf5 Qe2 37. Rh3 Qe4+ 38. Kf6 Qe5# 0-1

[Event "13. Lichtenberger Sommer"]
[Site "?"]
[Date "2014.08.23"]
[Round "8.98"]
[White "Fuchs, Linda"]
[Black "Schmole-Rostosky, Joachim"]
[Result "1-0"]
[WhiteElo "1596"]
[BlackElo "1650"]
[PlyCount "107"]
[EventDate "2014.??.??"]
[WhiteTeam "SC Untergrombach 46"]
[BlackTeam "SF Schwarz-Weiß Merzhausen"]

1. e4 e6 2. d4 d5 3. e5 c5 4. c3 a6 5. Nf3 Nc6 6. a3 Qb6 7. b4 c4 8. g3 Nge7 9.
Bh3 Bd7 10. O-O a5 11. bxa5 Nxa5 12. Nbd2 Nb3 13. Nxb3 Ba4 14. Nfd2 Nc6 15. Qe2
Bxb3 16. Kh1 Bc2 17. Nxc4 dxc4 18. Qxc2 Qb3 19. Qb2 Na5 20. Bg2 Be7 21. Qd2 O-O
22. f4 Qb6 23. Qe3 Nb3 24. Ra2 Ra5 25. f5 exf5 26. Rxf5 Qg6 27. Be4 Qg4 28.
Raf2 Nxc1 29. Bd5 Nd3 30. Bxf7+ Rxf7 31. Rxf7 Nxf2+ 32. Qxf2 Qd1+ 33. Kg2 Bxa3
34. e6 Ra8 35. e7 Bxe7 36. Rxe7 Rf8 37. Qe2 Qxe2+ 38. Rxe2 Kf7 39. Rf2+ Ke7 40.
Rxf8 Kxf8 41. Kf3 Ke7 42. d5 b5 43. Ke4 b4 44. cxb4 c3 45. Kd3 c2 46. Kxc2 Kd6
47. Kd3 Kxd5 48. h3 g6 49. Kc3 h6 50. h4 g5 51. hxg5 hxg5 52. Kd3 g4 53. Ke3
Kc4 54. Kf4 1-0

[Event "13. Lichtenberger Sommer"]
[Site "?"]
[Date "2014.08.23"]
[Round "8.100"]
[White "Pöcheim, Stephan"]
[Black "Stark, Steven"]
[Result "1-0"]
[WhiteElo "1530"]
[BlackElo "1502"]
[PlyCount "45"]
[EventDate "2014.??.??"]
[WhiteTeam "Sfrd. Berlin 1903 e.V."]
[BlackTeam "VfB Hermsdorf e.V."]

1. d4 c6 2. e4 d5 3. e5 e6 4. Bd3 f6 5. Qh5+ Kd7 6. Nf3 Qe8 7. Qh3 Kc7 8. Bd2
Nd7 9. c4 Nb6 10. b3 Nd7 11. Nc3 a6 12. O-O b6 13. cxd5 exd5 14. e6 Nb8 15.
Bf4+ Kb7 16. Rfe1 Ne7 17. Rac1 Ra7 18. Na4 Ng6 19. Bxb8 Ba3 20. Qg3 Qe7 21.
Bxa7 Bxc1 22. Rxc1 Qa3 23. Qb8# 1-0

[Event "13. Lichtenberger Sommer"]
[Site "?"]
[Date "2014.08.23"]
[Round "8.101"]
[White "Gnaß, Erhard"]
[Black "Becker, Uwe"]
[Result "1-0"]
[WhiteElo "1539"]
[BlackElo "1743"]
[PlyCount "77"]
[EventDate "2014.??.??"]
[WhiteTeam "SK Zehlendorf e.V."]
[BlackTeam "SV Glück auf Rüdersdorf e.V."]

1. Nf3 d6 2. d4 Nf6 3. g3 g6 4. Bg2 c6 5. O-O Bg7 6. c3 O-O 7. Nbd2 d5 8. Re1
Bf5 9. Nf1 Ne4 10. Qb3 Qb6 11. Ne3 Qxb3 12. axb3 Be6 13. Nd2 f5 14. f3 Nd6 15.
f4 a6 16. Nf3 Ne4 17. Ne5 Nd7 18. Nf1 Nxe5 19. dxe5 Bd7 20. e3 e6 21. c4 Rac8
22. Bd2 Rf7 23. Bb4 c5 24. Bc3 Bf8 25. Rad1 Bc6 26. Nd2 b5 27. Nxe4 fxe4 28.
cxd5 Bxd5 29. Ra1 Ra7 30. Rec1 Rcc7 31. h4 b4 32. Be1 a5 33. g4 h5 34. gxh5
gxh5 35. Kh2 Rg7 36. Bd2 Be7 37. Bh3 Bxb3 38. Rg1 Rxg1 39. Rxg1+ 1-0

[Event "13. Lichtenberger Sommer"]
[Site "?"]
[Date "2014.08.23"]
[Round "8.102"]
[White "Koerber, Bernhard"]
[Black "Fontaine, Constantin"]
[Result "1/2-1/2"]
[WhiteElo "1640"]
[BlackElo "1580"]
[PlyCount "76"]
[EventDate "2014.??.??"]
[WhiteTeam "SG Lasker Steglitz-Wilmersdorf"]
[BlackTeam "SK Tempelhof 1931 e.V."]

1. e4 d5 2. exd5 Qxd5 3. Nc3 Qd8 4. d4 Nf6 5. Nf3 e6 6. Be3 Nbd7 7. Qd2 Bb4 8.
a3 Be7 9. Bc4 c6 10. O-O b5 11. Ba2 Bb7 12. Rad1 O-O 13. Rfe1 a5 14. Nb1 Ne4
15. Qd3 c5 16. Qxb5 Ba6 17. Qc6 Nd6 18. dxc5 Bb5 19. Qxa8 Qxa8 20. cxd6 Bf6 21.
b3 Bc6 22. Nbd2 Ne5 23. Nxe5 Bxe5 24. Nf3 Bc3 25. Bc5 Bxe1 26. d7 Bxd7 27. Bxf8
Kxf8 28. Rxd7 Ke8 29. Rd3 a4 30. Nxe1 Qa5 31. Kf1 Qe5 32. bxa4 Qxh2 33. Bb3
Qh1+ 34. Ke2 Qh5+ 35. f3 Qe5+ 36. Re3 Qg5 37. c4 h5 38. Bc2 Qc5 1/2-1/2

[Event "13. Lichtenberger Sommer"]
[Site "?"]
[Date "2014.08.23"]
[Round "8.103"]
[White "Wahner, Eberhard"]
[Black "Kuhr, Stefan"]
[Result "0-1"]
[WhiteElo "1063"]
[BlackElo "1611"]
[PlyCount "152"]
[EventDate "2014.??.??"]
[WhiteTeam "vereinslos"]
[BlackTeam "SC Zugzwang 95 e.V."]

1. c4 c5 2. g3 Nc6 3. Nc3 g6 4. Bg2 Bg7 5. e3 Nf6 6. Nge2 O-O 7. O-O d6 8. d4
cxd4 9. exd4 a6 10. Re1 Rb8 11. a3 Na5 12. b3 b5 13. cxb5 axb5 14. Bf4 Bb7 15.
d5 Ba8 16. Rc1 Qd7 17. Nd4 Rfc8 18. Qe2 Rc7 19. Ncxb5 Rxc1 20. Rxc1 Nxd5 21.
Bxd5 Bxd5 22. Rc7 Qh3 23. f3 e5 24. Nc3 exf4 25. Nxd5 Bxd4+ 26. Kh1 Rf8 27. b4
Nb3 28. Nxf4 Qf5 29. Qd3 Qxd3 30. Nxd3 Nd2 31. f4 Re8 32. a4 Re3 33. Nc1 Bb2
34. Na2 Ne4 35. Rc2 Bd4 36. a5 Ra3 37. Kg2 Nc3 38. Nc1 Nb5 39. Ra2 Rxa2+ 40.
Nxa2 Bb2 41. Kf3 f5 42. Ke3 d5 43. Kd3 Kf7 44. Kc2 Bd4 45. Nc1 Ke7 46. Nb3 Ba7
47. Kd3 Kd6 48. h3 Kc6 49. g4 Nd6 50. Nd4+ Bxd4 51. Kxd4 Nb5+ 52. Kd3 Nc7 53.
Kd4 Kb5 54. a6 Kxa6 55. Kc5 Ne6+ 56. Kxd5 fxg4 57. hxg4 Nxf4+ 58. Ke4 Ne6 59.
Ke5 h5 60. gxh5 gxh5 61. Kf5 Ng7+ 62. Kg5 Kb5 63. Kf4 Kxb4 64. Ke4 Kc4 65. Kf3
Kd3 66. Kf2 Ke4 67. Kg3 Kf5 68. Kh3 Kg5 69. Kg3 Nf5+ 70. Kh3 h4 71. Kh2 Kg4 72.
Kg2 h3+ 73. Kh1 Kg3 74. Kg1 Nh6 75. Kh1 Ng4 76. Kg1 h2+ 0-1

[Event "13. Lichtenberger Sommer"]
[Site "?"]
[Date "2014.08.23"]
[Round "8.104"]
[White "Mueller, Joerg"]
[Black "Lange, Johannes Friedrich"]
[Result "1/2-1/2"]
[WhiteElo "1850"]
[BlackElo "1268"]
[PlyCount "105"]
[EventDate "2014.??.??"]
[WhiteTeam "vereinslos"]
[BlackTeam "Schachunion Berlin e.V."]

1. e4 e5 2. Nc3 Nf6 3. Nf3 Nc6 4. Bc4 Nxe4 5. Nd5 Nf6 6. d3 Nxd5 7. Bxd5 Ne7 8.
Bxf7+ Kxf7 9. Nxe5+ Kg8 10. Qf3 Qe8 11. d4 d5 12. O-O Bf5 13. c3 Be4 14. Qh3
Ng6 15. f4 Qe7 16. Bd2 Nh4 17. Nf3 Nxf3+ 18. gxf3 Bd3 19. Rfe1 Qf7 20. Re3 Bf5
21. Qg3 Qg6 22. Rae1 Qxg3+ 23. hxg3 Bd7 24. Kg2 h5 25. a3 h4 26. g4 Bd6 27.
R3e2 Rf8 28. b4 Bxf4 29. Bxf4 Rxf4 30. Re7 Rf7 31. R7e5 c6 32. R1e3 h3+ 33. Kh2
Bxg4 34. Re8+ Kh7 35. Rxh8+ Kxh8 36. fxg4 Rf2+ 37. Kxh3 Ra2 38. g5 Kh7 39. Kg4
Kg6 40. Kf4 Rxa3 41. Rg3 a5 42. bxa5 Rxa5 43. Re3 Ra2 44. Re6+ Kf7 45. Re3 Rf2+
46. Kg3 Rf5 47. Kg4 Rf2 48. Kg3 Rb2 49. Kf4 b5 50. Ke5 b4 51. cxb4 Rxb4 52. Rg3
Kg6 53. Rg2 1/2-1/2

[Event "13. Lichtenberger Sommer"]
[Site "?"]
[Date "2014.08.23"]
[Round "8.105"]
[White "Kammler, Hans-Joachim"]
[Black "Pilgrim, Wilfried"]
[Result "0-1"]
[WhiteElo "1504"]
[BlackElo "1459"]
[PlyCount "75"]
[EventDate "2014.??.??"]
[WhiteTeam "vereinslos"]
[BlackTeam "SC Kreuzberg e.V."]

1. e4 c5 2. Nf3 Nc6 3. c3 g6 4. d4 cxd4 5. cxd4 Bg7 6. Nc3 e6 7. Bb5 Nge7 8.
Be3 O-O 9. Qd2 a6 10. Be2 Qc7 11. h4 f5 12. h5 f4 13. d5 fxe3 14. fxe3 Qg3+ 15.
Kd1 Ne5 16. Kc2 Nxf3 17. gxf3 Qd6 18. Rag1 b5 19. f4 Bb7 20. Bd3 Rac8 21. e5
Qb6 22. h6 Nxd5 23. Bxg6 Nxe3+ 24. Kb1 Bxh1 25. Bxh7+ Kxh7 26. hxg7 Bg2 27.
Qxd7 Rg8 28. Qd3+ Kxg7 29. Qd7+ Kh8 30. Qd3 Nf5 31. Rxg2 Rxg2 32. Qh3+ Kg8 33.
Qxg2+ Ng7 34. f5 exf5 35. Nd5 Qd8 36. Nf6+ Kf7 37. a3 Qd3+ 38. Ka1 0-1

[Event "13. Lichtenberger Sommer"]
[Site "?"]
[Date "2014.08.23"]
[Round "8.106"]
[White "Lippianowski, Stefan"]
[Black "Gazaev, Ansor"]
[Result "0-1"]
[WhiteElo "1220"]
[BlackElo "700"]
[PlyCount "60"]
[EventDate "2014.??.??"]
[WhiteTeam "SV Mattnetz Berlin e.V."]
[BlackTeam "SC Friesen Lichtenberg e.V."]

1. e4 e5 2. Nf3 Nc6 3. Bc4 Nf6 4. d3 Bc5 5. Bg5 d6 6. Nc3 Be6 7. Nd5 O-O 8. Qe2
h6 9. Bxf6 gxf6 10. O-O-O Kh7 11. Nh4 Nd4 12. Qd2 c6 13. Ne3 d5 14. Nef5 Nxf5
15. Nxf5 Bxf5 16. exf5 dxc4 17. Qe2 Qd7 18. dxc4 Qxf5 19. f3 Rad8 20. Rxd8 Rxd8
21. Kb1 Qf4 22. g3 Qd2 23. Qe4+ Kh8 24. a3 Rd4 25. Qf5 Rxc4 26. Qc8+ Kg7 27.
Qf5 Qg2 28. Rd1 Qxh2 29. g4 e4 30. fxe4 Qxc2+ 0-1

[Event "13. Lichtenberger Sommer"]
[Site "?"]
[Date "2014.08.23"]
[Round "8.108"]
[White "Dittrich, Hans-Jürgen"]
[Black "Home, Marcus"]
[Result "0-1"]
[WhiteElo "1166"]
[BlackElo "1307"]
[PlyCount "92"]
[EventDate "2014.??.??"]
[WhiteTeam "vereinslos"]
[BlackTeam "1. Schachclub Anhalt"]

1. c4 e6 2. Nc3 Nf6 3. g3 d5 4. Bg2 c6 5. e3 dxc4 6. Nge2 Nbd7 7. O-O Bd6 8. d4
cxd3 9. Qxd3 Nc5 10. Qc2 O-O 11. e4 e5 12. Bg5 h6 13. Be3 Qe7 14. b4 Ne6 15. a3
Ng4 16. Bc1 Ng5 17. f3 Nf6 18. Bxg5 hxg5 19. h3 Be6 20. Kh2 Kh7 21. Qd2 Ne8 22.
Rh1 Rh8 23. g4 Kg8 24. Ng3 g6 25. Kg1 Rd8 26. Qf2 b6 27. Rb1 Nc7 28. Kh2 c5 29.
b5 c4 30. a4 Bc5 31. Qc2 Kg7 32. Rhd1 Bd4 33. Nce2 Qa3 34. Rd2 Rd7 35. Rbd1
Rhd8 36. Nxd4 Rxd4 37. Rxd4 Rxd4 38. Ne2 Rxd1 39. Qxd1 Qd3 40. Qxd3 cxd3 41.
Nc3 Bb3 42. Bf1 d2 43. Be2 Ne6 44. Bd1 Bxd1 45. Nxd1 Nc5 46. Nc3 Nxa4 0-1

[Event "13. Lichtenberger Sommer"]
[Site "?"]
[Date "2014.08.23"]
[Round "8.109"]
[White "Schmidt, Tim Lucas"]
[Black "Kossuewa, Fatima"]
[Result "1-0"]
[WhiteElo "1239"]
[BlackElo "797"]
[PlyCount "55"]
[EventDate "2014.??.??"]
[WhiteTeam "1. Schachclub Anhalt"]
[BlackTeam "SC Friesen Lichtenberg e.V."]

1. e4 e5 2. Nf3 Nc6 3. d4 Nf6 4. dxe5 Nxe4 5. Bc4 Nc5 6. O-O Be7 7. Nc3 d6 8.
exd6 cxd6 9. Re1 O-O 10. Bf4 Bg4 11. Ne4 Nxe4 12. Rxe4 Bxf3 13. gxf3 Qd7 14.
Qd2 Rad8 15. Rd1 h6 16. Bxh6 Qh3 17. Rg4 Bf6 18. Rg3 Qh5 19. Bg5 Bxg5 20. Qxg5
Qxg5 21. Rxg5 g6 22. Rxg6+ Kh7 23. Rgxd6 Rg8+ 24. Kf1 Rxd6 25. Rxd6 Ne5 26.
Bd3+ Kh8 27. Be4 Nc4 28. Rd7 1-0

[Event "13. Lichtenberger Sommer"]
[Site "?"]
[Date "2014.08.23"]
[Round "8.110"]
[White "Eichstädt, Torsten"]
[Black "Walther, Lothar"]
[Result "0-1"]
[WhiteElo "967"]
[BlackElo "1530"]
[PlyCount "112"]
[EventDate "2014.??.??"]
[WhiteTeam "SC Friesen Lichtenberg e.V."]
[BlackTeam "SV Turbine Berlin e.V."]

1. Nf3 c5 2. Nc3 d6 3. d4 cxd4 4. Nxd4 Nc6 5. Nxc6 bxc6 6. g3 Rb8 7. Bg2 Bb7 8.
O-O Nf6 9. Be3 a6 10. Qd3 Ra8 11. Na4 Qa5 12. Qb3 Qb5 13. Nb6 Qxb3 14. cxb3 Rd8
15. Rac1 d5 16. Bf4 Nd7 17. Bc7 Nxb6 18. Bxb6 Rc8 19. Bh3 e6 20. Rfd1 Be7 21.
Rd3 O-O 22. e4 h6 23. exd5 cxd5 24. Rdc3 Rxc3 25. Rxc3 Bf6 26. Rc2 Rc8 27. Rc5
Rxc5 28. Bxc5 d4 29. Bf1 e5 30. a4 Bd8 31. Bd6 e4 32. b4 d3 33. Bf4 g5 34. Bd2
f5 35. Bg2 g4 36. Kf1 Bg5 37. Bxg5 hxg5 38. Ke1 Kf7 39. h4 gxh3 40. Bxh3 g4 41.
Bf1 Ke6 42. Kd2 Kd5 43. b3 Kd4 44. Bg2 Bd5 45. b5 axb5 46. axb5 Bxb3 47. b6 Bd5
48. Bf1 Kc5 49. Bxd3 exd3 50. Kxd3 Be4+ 51. Kc3 Kxb6 52. Kd4 Kc6 53. Ke5 Kc5
54. Kf4 Kd4 55. Kg5 Kd3 56. Kf4 Ke2 0-1

[Event "13. Lichtenberger Sommer"]
[Site "?"]
[Date "2014.08.24"]
[Round "9.21"]
[White "Zur, Jan"]
[Black "Witte, Ronald"]
[Result "0-1"]
[WhiteElo "2088"]
[BlackElo "2052"]
[PlyCount "68"]
[EventDate "2014.??.??"]
[WhiteTeam "SC Zugzwang 95 e.V."]
[BlackTeam "BSV 63 Chemie Weißensee"]

1. e4 c5 2. Nc3 Nc6 3. Nge2 g6 4. d4 cxd4 5. Nxd4 Bg7 6. Be3 d6 7. Bc4 Nf6 8.
f3 Bd7 9. Qd2 h5 10. a3 a6 11. Nd5 Nxd5 12. Bxd5 Qc7 13. c3 Nxd4 14. cxd4 Rc8
15. Bb3 a5 16. Kf2 Qb6 17. Ba2 Ba4 18. Rhc1 O-O 19. Rc3 Rxc3 20. bxc3 Qa6 21.
Rb1 b5 22. Qd3 Rc8 23. Ke2 e6 24. Bd2 d5 25. e5 Bf8 26. Bb3 Bxb3 27. Rxb3 Rc4
28. Bc1 Qc6 29. a4 bxa4 30. Rb8 Rxc3 31. Bh6 Rxd3 32. Kxd3 Qc4+ 33. Kd2 Qb4+
34. Rxb4 Bxh6+ 0-1

[Event "13. Lichtenberger Sommer"]
[Site "?"]
[Date "2014.08.24"]
[Round "9.22"]
[White "Rohde, Wolfgang"]
[Black "Schulz, Wolfgang"]
[Result "1/2-1/2"]
[WhiteElo "2162"]
[BlackElo "2074"]
[PlyCount "113"]
[EventDate "2014.??.??"]
[WhiteTeam "SC Friesen Lichtenberg e.V."]
[BlackTeam "Hamburger SK von 1830 eV"]

1. c4 g6 2. g3 Bg7 3. Bg2 d6 4. Nc3 Nf6 5. Nf3 O-O 6. d4 Nc6 7. O-O a6 8. h3
Rb8 9. Be3 Bd7 10. Rc1 b5 11. Nd2 e5 12. dxe5 Nxe5 13. cxb5 axb5 14. Nce4 Nxe4
15. Nxe4 Nc4 16. Bd4 Nxb2 17. Qd2 Nc4 18. Qc3 f6 19. Rfd1 Qe7 20. a4 c5 21.
axb5 Bxb5 22. Bxf6 Bxf6 23. Nxf6+ Qxf6 24. Bd5+ Kg7 25. Bxc4 Bxc4 26. Qxf6+
Rxf6 27. Rxc4 Rb2 28. Re4 Kf7 29. Ra1 Re6 30. Ra7+ Kf6 31. Rf4+ Ke5 32. e3 h5
33. g4 hxg4 34. hxg4 d5 35. Rc7 Rc2 36. Rf8 Rc4 37. g5 Kd6 38. Rfc8 Rg4+ 39.
Kf1 c4 40. Rc6+ Kd7 41. R8c7+ Kd8 42. Rxe6 Kxc7 43. Rxg6 c3 44. Ke2 d4 45. exd4
Rxd4 46. Rh6 Rd2+ 47. Ke1 Rd5 48. Rh3 c2 49. Rc3+ Kd6 50. Rxc2 Rxg5 51. Ke2 Ra5
52. Kf3 Ke5 53. Kg4 Kf6 54. Rc6+ Kf7 55. f4 Rb5 56. Rc4 Kf6 57. f5 1/2-1/2

[Event "13. Lichtenberger Sommer"]
[Site "?"]
[Date "2014.08.24"]
[Round "9.23"]
[White "Sappok, Marius"]
[Black "Simon, Ralf-Axel"]
[Result "0-1"]
[WhiteElo "2003"]
[BlackElo "2173"]
[PlyCount "74"]
[EventDate "2014.??.??"]
[WhiteTeam "SC Zugzwang 95 e.V."]
[BlackTeam "TSG Neuruppin"]

1. Nf3 c5 2. e4 e6 3. g3 b6 4. Bg2 Bb7 5. Qe2 Nc6 6. c3 d5 7. d3 Nge7 8. O-O g6
9. Nbd2 Bg7 10. Re1 d4 11. c4 e5 12. Nf1 O-O 13. Bg5 a6 14. Nh4 Qd6 15. Qd2 f6
16. Bh6 b5 17. Bxg7 Kxg7 18. b3 Bc8 19. f4 Bd7 20. Nf3 Rab8 21. Rab1 Rb6 22.
Rec1 Rc8 23. fxe5 fxe5 24. Qg5 h6 25. Qd2 Be6 26. h3 bxc4 27. bxc4 Rcb8 28.
Rxb6 Rxb6 29. N1h2 Qb8 30. Ng4 Ng8 31. Qf2 Rb2 32. Rc2 Rb1+ 33. Bf1 Bxg4 34.
hxg4 Qf8 35. g5 Nb4 36. gxh6+ Nxh6 37. Nxe5 Rxf1+ 0-1